| 000 | 00710cab a2200241 4500 | ||
|---|---|---|---|
| 001 | ABS56350 | ||
| 008 | 090401t1997 xxu||||| |||| 00| 0 eng d | ||
| 035 | _a(Sirsi) u23043 | ||
| 041 | _aeng | ||
| 100 | _aWestrup, L | ||
| 245 | _aGerman mortgage banks | ||
| 260 | _c1997 | ||
| 350 | _a0 | ||
| 490 |
_aEuroProperty _vDecember/January 1997, 23-31(9) |
||
| 520 | _aAn assessment of German Mortgage banks and their future market, particularly their desire to expand their international lending. | ||
| 650 | _aBANK LENDING | ||
| 650 | _aGERMANY | ||
| 650 | _aMORTGAGE BANKS | ||
| 650 | _aPROPERTY LENDING | ||
| 690 | _aPROPERTY-PROPERTY FINANCE AND INVESTMENT | ||
| 942 | _n0 | ||
| 948 | _c04/03/1997 | ||
| 999 |
_c15442 _d15442 |
||